Un belge au service de la France dans l'Océan Pacifique; (Record no. 5098)

MARC details
000 -LEADER
fixed length control field 01052cam a22002291 4500
001 - CONTROL NUMBER
control field af 48002581
003 - CONTROL NUMBER IDENTIFIER
control field DLC
005 - DATE AND TIME OF LATEST TRANSACTION
control field 20260227110856.0
008 - FIXED-LENGTH DATA ELEMENTS--GENERAL INFORMATION
fixed length control field 810630s1944 fr b 000 0bfre c
010 ## - LIBRARY OF CONGRESS CONTROL NUMBER
LC control number af 48002581
035 ## - SYSTEM CONTROL NUMBER
System control number (OCoLC)7540214
040 ## - CATALOGING SOURCE
Original cataloging agency California. Univ. Libr.
Transcribing agency NNU
Modifying agency CLU
-- DLC
042 ## - AUTHENTICATION CODE
Authentication code premarc
050 00 - LIBRARY OF CONGRESS CALL NUMBER
Classification number G256.M6
Item number L6
100 1# - MAIN ENTRY--PERSONAL NAME
Personal name Jore, Léonce Alphonse Noël Henri,
Dates associated with a name 1882-
245 13 - TITLE STATEMENT
Title Un belge au service de la France dans l'Océan Pacifique;
Remainder of title notice historique et biographique concernant J. A. Moerenhout, consul général des Etats-Unis aux Iles Océaniennes de 1835 à 1837, consul de France à Tahiti de 1839 1̀844, auteur des Voyages aux îles du Grand Océan.
260 ## - PUBLICATION, DISTRIBUTION, ETC.
Place of publication, distribution, etc. Paris,
Name of publisher, distributor, etc. A. Maisonneuve
Date of publication, distribution, etc. [1944]
300 ## - PHYSICAL DESCRIPTION
Extent 183 p. ;
Dimensions 21 cm.
500 ## - GENERAL NOTE
General note "Publié comme introduction à l'édition phototypique [des Voyages aux îles du Grand Océan] de M.DCCCC.XLII par la Librairie d'Amérique et d'Orient."
504 ## - BIBLIOGRAPHY, ETC. NOTE
Bibliography, etc. note Bibliographical footnotes.
600 10 - SUBJECT ADDED ENTRY--PERSONAL NAME
Personal name Moerenhout, Jacques Antoine,
Dates associated with a name 1796?-1879.

No items available.

Powered by Koha